Evokativ /

Hlavní autor: Jarcovjáková, Libuše, 1952-
Další autoři: Jones, Philip, 1960-
Jazyk: Angličtina
Vydáno: Prague : Untitled, 2019
Vydání: First edition
Témata:
Fyzický popis: Přibližně 160 nečíslovaných stran : ilustrace ; 28 cm
Knihy
Uloženo v:
LEADER 02234nam a2200589 i 4500
001 nkc20193096977
003 CZ PrNK
005 20190904085444.0
007 ta
008 190510s2019 xr a e 000 0deng
015 |a cnb003096977 
020 |a 978-80-907568-0-9  |q (vázáno) 
035 |a (OCoLC)1119026489 
040 |a OLA001  |b cze  |e rda 
041 1 |a eng  |h cze 
043 |a e-xr--- 
045 |a x7x8 
072 7 |a 77  |x Fotografie. Fotografické postupy  |2 Konspekt  |9 21 
080 |a 77.03  |2 MRF 
080 |a 77.04  |2 MRF 
080 |a 77.065  |2 MRF 
080 |a (437.3)  |2 MRF 
080 |a (084.12)  |2 MRF 
100 1 |a Jarcovjáková, Libuše,  |d 1952-  |7 jn20000710076  |4 aut  |4 pht 
245 1 0 |a Evokativ /  |c Libuše Jarcovjáková ; translation Phil Jones 
250 |a First edition 
264 1 |a Prague :  |b Untitled,  |c 2019 
300 |a Přibližně 160 nečíslovaných stran :  |b ilustrace ;  |c 28 cm 
336 |a text  |b txt  |2 rdacontent 
336 |a statický obraz  |b sti  |2 rdacontent 
337 |a bez média  |b n  |2 rdamedia 
338 |a svazek  |b nc  |2 rdacarrier 
500 |a Přeloženo z češtiny? 
500 |a Vydáno u příležitosti 50. výročí konání festivalu Les recontres de la photographie d'Arles v roce 2019 
500 |a 1000 výtisků 
600 1 7 |a Jarcovjáková, Libuše,  |d 1952-  |7 jn20000710076  |2 czenas 
648 4 |a 1970-1989 
648 7 |a 20. století  |7 ch460558  |2 czenas 
650 0 7 |a dokumentární fotografie  |7 ph119534  |z Česko  |y 20. století  |2 czenas 
650 0 7 |a umělecká fotografie  |7 ph126879  |z Česko  |y 20. století  |2 czenas 
650 0 7 |a černobílá fotografie  |7 ph166376  |z Česko  |y 20. století  |2 czenas 
650 0 9 |a documentary photography  |z Czechia  |y 20th century  |2 eczenas 
650 0 9 |a artistic photography  |z Czechia  |y 20th century  |2 eczenas 
650 0 9 |a black-and-white photography  |z Czechia  |y 20th century  |2 eczenas 
655 7 |a fotografické publikace  |7 fd132276  |2 czenas 
655 9 |a photographical works  |2 eczenas 
700 1 |a Jones, Philip,  |d 1960-  |7 mzk2003195874  |4 trl 
910 2 |a BOA001  |b 3-1432.050 
990 |a BK 
995 |a 01 
991 |b 201909  |c NOV 
996 6 |b 2610790675  |c 3-1432.050  |l MZK  |r Sklad / do 1 hodiny  |n 8  |p p.v.  |w 001746775  |u 000010  |a 1  |e BOA001  |j MZK50  |s P